000 00402cam a2200157ua 4500
999 _c14845
_d14845
020 _a788189401269
020 _a8189401262
082 _a627.5
_bMOD/HY
100 _aModi, P N.
_9130
245 _aHydraulics and fluid mechanics including hydraulic machines
250 _a20th
260 _aNew Delhi :
_bStandard Book House ,
_c2015
300 _a1403;
700 _aSeth, S M
_92071
942 _cBK